00901nam a2200181Ia 4500008004100000041001200041082001600053100001600069245004000085260003700125300000900162650001600171942000700187999001500194952017000209952017000379952017000549221030s9999 xx 000 0 und d aEnglish a105.23bSin aB. P. Singh 0aDigital Electronicscby B. P. Singh bDhanpat Rai PubaNew Delhic2002 a1369 aBE Computer cBK c1913d1913 pBE 5350g85.00l0o105.23 Sinr2024-06-13 00:00:00w2022-10-30yBK003Print4070aMIETLIBbMIETLIBcBL-Academic Block C, FL-2, CUP-93, SH-6, R-6d2002-06-0710HBE pBE 5348g85.00l0o105.23 Sinr2024-06-13 00:00:00w2022-10-30yBK003Print4070aMIETLIBbMIETLIBcBL-Academic Block C, FL-2, CUP-93, SH-6, R-6d2002-06-0710HBE pBE 5349g85.00l0o105.23 Sinr2024-06-13 00:00:00w2022-10-30yBK003Print4070aMIETLIBbMIETLIBcBL-Academic Block C, FL-2, CUP-93, SH-6, R-6d2002-06-0710HBE